Applied finite mathematics
Αποθηκεύτηκε σε:
| Κύριος συγγραφέας: | |
|---|---|
| Άλλοι συγγραφείς: | , |
| Μορφή: | Βιβλίο |
| Γλώσσα: | English |
| Δημοσίευση: |
Philadelphia :
Saunders College Publishing,
1992
|
| Θέματα: | |
| Ετικέτες: |
Προσθήκη ετικέτας
Δεν υπάρχουν, Καταχωρήστε ετικέτα πρώτοι!
|
MARC
| LEADER | 00000nam a2200000 i 4500 | ||
|---|---|---|---|
| 001 | 1/63983 | ||
| 008 | 941103s1992 eng d | ||
| 020 | |a 0-15-502942-8 | ||
| 035 | |a 1993 |c ΧΑΤΖΗΣΑΒΒΑΣ |l 10046884 | ||
| 040 | |a GR-MY-UA |b gre |e aacr | ||
| 041 | 0 | |a eng | |
| 082 | 0 | |a 510 | |
| 100 | 1 | |a Anton, Howard. | |
| 245 | 1 | 0 | |a Applied finite mathematics / |c Howard Anton, Bernard Kolman, Bonnie Averbach |
| 250 | |b 5th ed. | ||
| 260 | |a Philadelphia : |b Saunders College Publishing, |c 1992 | ||
| 300 | |a 600 p.; |c 24 cm. | ||
| 504 | |a Includes index | ||
| 650 | 0 | 0 | |a Mathematics. |
| 700 | 1 | |a Averbach, Bonnie |d 1933- | |
| 700 | 1 | |a Kolman, Bernard |d 1932- | |
| 852 | |a INST |b SAMOS |e 19941103 |h 510 ANT |p 005300003059 |q 005300003059 |t BK |y 0 | ||
| 909 | |a Σ |b 028560 | ||